000 00617nam a2200193Ia 4500
003 GCL
005 20240530105625.0
008 140319s9999 xx 000 0 ara d
040 _aGCL /
_cGCL
082 0 4 _a536.2012
_bز ن
100 1 _aزى ، اس . ام .
245 1 0 _aنبائط اشباه الموصلات فيزياء وتقنية /
_cاس . ام . زى
260 _a[S.N] :
_bدار الحكمة ،
_c1990
300 _a711 ص
650 0 4 _aالهندسة الكهربية
700 1 _aحسين على احمد
_eمترجم
700 0 _aفهد غالب حياتى
_eمترجم
942 _2ddc
_cBK
999 _c56952
_d56952